Things That Are Purple By Picture - Statistics

General Stats
  • This quiz has been taken 136 times
  • The average score is 7 of 10
Answer Stats
Picture Answer % Correct
Grapes
99%
Eggplant
97%
Hippopotamus
94%
Lavender
80%
Sweet Potato
77%
Amethyst
71%
Fig
70%
Passionfruit
53%
Sea Anemone
47%
Mangosteen
13%
No matching quizzes found
Score Distribution
Percent of People with Each Score
Percentile by Number Answered
Your Score History
You have not taken this quiz